Chris Jericho's WrestleMania Opponents Quiz Stats

Quiz not verified by Sporcle

Challenge
Share
Tweet
Embed
Score 0/24 Timer 07:00
0 Plays Today
WrestleMania Opponent % Correct
WrestleMania 21Edge
93.7%
WrestleMania 26Edge
93.7%
WrestleMania 18Triple H
92.2%
WrestleMania 24CM Punk
91.7%
WrestleMania 28CM Punk
91.7%
WrestleMania 32AJ Styles
85.6%
WrestleMania 16Chris Benoit
85.4%
WrestleMania 21Chris Benoit
85.4%
WrestleMania 21Kane
84.4%
WrestleMania 19Shawn Michaels
82.4%
WrestleMania 20Christian
82.4%
WrestleMania 21Christian
82.4%
WrestleMania Opponent % Correct
WrestleMania 16Kurt Angle
80.5%
WrestleMania 29Fandango
79%
WrestleMania 21Shelton Benjamin
77.1%
WrestleMania 24Shelton Benjamin
77.1%
WrestleMania 25Ricky Steamboat
76.1%
WrestleMania 25Roddy Piper
74.1%
WrestleMania 25Jimmy Snuka
71.7%
WrestleMania 17William Regal
64.4%
WrestleMania 24Mr Kennedy
58%
WrestleMania 24Montel Vontavious Porter
57.6%
WrestleMania 24John Morrison
54.6%
WrestleMania 24Carlito
53.7%

You're not logged in!

Compare scores with friends on all Sporcle quizzes.
Sign Up with Email
OR
Log In

You Might Also Like...

Show Comments

Extras

Top Quizzes Today


Score Distribution

Your Account Isn't Verified!

In order to create a playlist on Sporcle, you need to verify the email address you used during registration. Go to your Sporcle Settings to finish the process.